Personnalités au hasard #34 - Statistiques

Statistiques générales
  • Ce quiz a été pris 262 fois
  • Le résultat moyen est 9 sur 32
Statistiques - réponses
Par images Réponse % Correct
Nagui
89%
Hatik
81%
Denis Brogniart
75%
Lady Gaga
74%
François Damiens
72%
Mastu
71%
Guy Carlier
43%
Hugh Jackman
43%
Amanda Lear
38%
Dakota Johnson
31%
Sundy Jules
30%
Christine Kelly
24%
KSI
23%
Thierry Le Luron
23%
Olivier de Kersauson
18%
Marie-Sophie Lacarrau
17%
Bernard Mabille
16%
Arthur Lombard
15%
Flora Coquerel
12%
Crystal
9%
Magali Ripoll
8%
Miranda Kerr
7%
Chrissy Teigen
5%
Joe Locke
5%
Octavia Spencer
5%
Billie Holiday
4%
Émilie Dequenne
4%
La Big Bertha
4%
Agnès b.
3%
Jérôme Salomon
2%
Rachel Keke
2%
Rachel Khan
2%
Aucun quiz correspondant
Distribution des résultats
% des personnes avec chaque résultat
Percentile par nombre de réponses
Votre historique - résultats
Vous n’avez pas pris ce quiz